| 000 | 00347nam a2200145Ia 4500 | ||
|---|---|---|---|
| 008 | 150201s2012 xx 000 0 und d | ||
| 082 |
_a615.845 _bB12K |
||
| 100 | _aKHATRI, SUBHASH M. | ||
| 245 | _aBASICS OF ELECTROTHERAPY | ||
| 250 | _a2ND | ||
| 260 |
_bJAYPEE _aDELHI _c2012 |
||
| 300 | _a1-162 | ||
| 650 | _aPHYSIOTHERAPY | ||
| 942 |
_2ddc _cBK _03 |
||
| 999 |
_c1409 _d1409 |
||